000 00417cam a2200169ua 4500
020 _c1.25
041 _amal
_h
082 _a894.8124
_bMAT/NA
100 _aMathew Tharakan, K .
245 _aNaveena prasnangal /
_cK Mathew Tharakan.
_hTextual Documents
260 _aKottayam :
_bNational Book Stall ,
_c1956.
300 _a120 ; .
365 _a1.25
504 _a
942 _cBK
999 _c5814
_d5814